|
|
|
|
| LEADER |
00000cam a2200000 ca4500 |
| 001 |
1164379240 |
| 003 |
DE-627 |
| 005 |
20260206201952.0 |
| 007 |
tu |
| 008 |
010906n19uuuuuuxx ||||| 00| ||ger c |
| 016 |
7 |
|
|a 962122335
|2 DE-101
|
| 035 |
|
|
|a (DE-627)1164379240
|
| 035 |
|
|
|a (DE-603)099858517
|
| 035 |
|
|
|a (DE-576)094379246
|
| 035 |
|
|
|a (DE-599)DNB962122335
|
| 035 |
|
|
|a (OCoLC)49721703
|
| 040 |
|
|
|a DE-627
|b ger
|c DE-627
|e rakwb
|
| 041 |
|
|
|a ger
|
| 084 |
|
|
|a 16
|2 sdnb
|
| 084 |
|
|
|a MG 15380
|2 rvk
|0 (DE-625)rvk/122818:12126
|
| 100 |
1 |
|
|a Huisken, Freerk
|d 1941-
|0 (DE-588)115453466
|0 (DE-627)077261305
|0 (DE-576)161515878
|4 aut
|
| 109 |
|
|
|a Huisken, Freerk 1941-
|
| 190 |
|
|
|j 1993
|
| 245 |
1 |
0 |
|a Nichts als Nationalismus
|c Freerk Huisken
|
| 264 |
|
1 |
|a Hamburg
|b VSA-Verl.
|c 19XX-
|
| 336 |
|
|
|a Text
|b txt
|2 rdacontent
|
| 337 |
|
|
|a ohne Hilfsmittel zu benutzen
|b n
|2 rdamedia
|
| 338 |
|
|
|a Band
|b nc
|2 rdacarrier
|
| 689 |
0 |
0 |
|d g
|0 (DE-588)4011882-4
|0 (DE-627)104704861
|0 (DE-576)208896155
|a Deutschland
|2 gnd
|
| 689 |
0 |
1 |
|d s
|0 (DE-588)4048829-9
|0 (DE-627)104325372
|0 (DE-576)209079428
|a Rechtsradikalismus
|2 gnd
|
| 689 |
0 |
2 |
|d s
|0 (DE-588)4041300-7
|0 (DE-627)106219758
|0 (DE-576)209044373
|a Nationalismus
|2 gnd
|
| 689 |
0 |
|
|5 DE-101
|
| 935 |
|
|
|h HEB
|i 0501
|
| 935 |
|
|
|h HEB
|i 0503
|
| 936 |
r |
v |
|a MG 15380
|b Geschichte, Struktur, Probleme
|k Politologie
|k Politische Systeme einzelner Länder
|k Europa, Nordamerika
|k Westeuropa, Mitteleuropa
|k Bundesrepublik Deutschland
|k Bundesrepublik Deutschland
|k Parteien und politische Bewegungen
|k Mehrere Parteien, Parteiensysteme
|k Rechtsradikalismus
|k Geschichte, Struktur, Probleme
|0 (DE-627)1270709275
|0 (DE-625)rvk/122818:12126
|0 (DE-576)200709275
|
| 951 |
|
|
|a MC
|
| ELC |
|
|
|b 1
|
| LOK |
|
|
|0 000 xxxxxcx a22 zn 4500
|
| LOK |
|
|
|0 001 2400322309
|
| LOK |
|
|
|0 003 DE-627
|
| LOK |
|
|
|0 004 1164379240
|
| LOK |
|
|
|0 005 20020213000000
|
| LOK |
|
|
|0 008 011108||||||||||||||||ger|||||||
|
| LOK |
|
|
|0 040
|a DE-21-110
|c DE-627
|d DE-21-110
|
| LOK |
|
|
|0 852
|a DE-21-110
|
| LOK |
|
|
|0 852 1
|m p
|9 00
|
| LOK |
|
|
|0 935
|a k110
|
| LOK |
|
|
|0 938
|k p
|
| LOK |
|
|
|0 939
|a 08-11-01
|b l01
|
| ORI |
|
|
|a SA-MARC-krimdoka001.raw
|
| SPR |
|
|
|a 1
|t KRI
|
| TIM |
|
|
|a 100019901003_100020261231
|b 1990-10-03 - 2026
|